All Jyp Idols - Statistics

General Stats
  • This quiz has been taken 88 times
  • The average score is 37 of 89
Answer Stats
Answer % Correct
Bang Chan
96%
I.N.
96%
Changbin
95%
Felix
95%
Han
95%
Hyunjin
95%
Momo
95%
Seungmin
95%
Lee Know
93%
Sana
93%
Min
91%
Nayeon
89%
Tzuyu
89%
Yeji
89%
Jihyo
88%
Lia
88%
Lily
88%
Chaeyoung
86%
Dahyun
86%
Mina
86%
Yu
86%
Ryujin
84%
Yuna
84%
Jeongyeon
80%
Bae
79%
Chaeryeong
79%
Woojin
79%
Sullyoon
77%
Haewon
73%
Jiwoo
70%
Kyujin
66%
Jinni
64%
Suzy
50%
Sunmi
43%
Kaylee
36%
KG
34%
Young K
34%
Hyuna
30%
Wonpil
30%
Jay Park
29%
Savanna
27%
Fei
25%
Taecyeon
25%
Dowoon
23%
Junho
23%
Kendall
23%
Sungjin
23%
Camila
21%
Nina
21%
Gaon
20%
Gunil
20%
Jae
20%
Jooyeon
20%
Jun Han
20%
Lexi
20%
Jia
18%
Maya
18%
O.de
18%
Tomoya
16%
Wooyoung
16%
Ayaka
14%
Rio
14%
Haru
13%
Hyui
13%
Jungsu
13%
Jun. K
13%
Mako
13%
Riku
11%
Rima
11%
So Geon
11%
Chansung
9%
J. Y. Park
9%
Mayuka
9%
Miihi
9%
Nichkhun
9%
Sohee
9%
Yubin
9%
Seita
7%
Yuki
5%
Hyelim
4%
Junhyeok
4%
Sunye
4%
Xinlong
4%
Yeeun
4%
Zihao
4%
Hanyu
2%
Mingrui
2%
Shuyang
2%
Zeyu
2%
No matching quizzes found
Score Distribution
Percent of People with Each Score
Percentile by Number Answered
Your Score History
You have not taken this quiz